000 00493nam a22001697a 4500
999 _c17929
_d17929
008 191004b xxu||||| |||| 00| 0 eng d
020 _a0387988645
040 _aKABU
_cKABU
050 _aQA277
_b.L46 2005 c. 1
100 _aLehmann, E.L.
245 _aTesting statistical hypotheses
_cE.L. Lehmann, Joseph P. Romano
260 _aUSA
_bSpringer
_c2005
300 _axiv, 784 p.
650 _aStatistical hypothesis testing
700 _aRomano, Joseph P.
942 _2lcc
_cBK
_hQA277